Fun Quiz - Statistics

General Stats
  • This quiz has been taken 450 times
  • The average score is 3 of 10
Answer Stats
Question Answer % Correct
What kind of quiz is this? multiple choice
89%
What was the answer to question 5 b
50%
Who would win? a lion or shark in the ocean, shark
49%
How much wood could a woodchuck chuck if a woodchuck could chuck wood? they cant chuck wood
45%
Oops, did i say 9 i meant 2+1 print("chose this answer")
30%
which came first the chicken or the egg egg
24%
Do you like bar graphs? bar graph
17%
Sorry i meant 9. bar graph
15%
What is the Answer to question 2 option 2
12%
Hello! are you here from question 2? please go to question 4 i
8%
No matching quizzes found
Score Distribution
Percent of People with Each Score
Percentile by Number Answered
Your Score History
You have not taken this quiz